[Event "2nd Chennai Open"]
[Site "Chennai IND"]
[Date "2010.02.02"]
[Round "10"]
[White "Laxman,R"]
[Black "Ankit,R"]
[Result "1-0"]
[WhiteElo "2503"]
[BlackElo "2298"]

1.Nf3 Nf6 2.c4 c6 3.d4 d5 4.Nc3 e6 5.Qb3 dxc4 6.Qxc4 b5 7.Qd3 Nbd7 8.g3 Bb7
9.Bg2 Be7 10.O-O O-O 11.Bf4 a6 12.a4 b4 13.Ne4 Nxe4 14.Qxe4 Nf6 15.Qc2 c5
16.dxc5 Rc8 17.Rfd1 Bd5 18.c6 Rxc6 19.Qxc6 Bxc6 20.Rxd8 Rxd8 21.Ne5 Bxg2
22.Kxg2 Rc8 23.Rc1 Rxc1 24.Bxc1 Nd5 25.e4 Nb6 26.b3 Bd6 27.Nc6 Nd7 28.Be3 Kf8
29.Kf3 Ke8 30.Bd2 Nc5 31.Bxb4 Nxb3 32.Bxd6 Kd7 33.Ne5+ Kxd6 34.Nxf7+ Kc5
35.Ng5 Nd4+ 36.Ke3 h6 37.Nf7 Nc6 38.f4 Kb4 39.Kd3 Kxa4 40.Kc4 Na5+ 41.Kc5 Nb3+
42.Kb6 a5 43.Nd8 Nd2 44.e5 Kb4 45.Nc6+ Kc4 46.Nxa5+ Kd5 47.Kc7 Nf1 48.Nc6 Nxh2
49.Ne7+ Ke4 50.Kd6 Nf1 51.Kxe6 Nxg3 52.Ng6 Nf5 53.Kd7 Ne3 54.e6 Kf5 55.Nh4+ Kg4
56.Kc6  1-0

[Event "TCh-FIN 2009-10"]
[Site "Finland FIN"]
[Date "2010.02.14"]
[Round "7"]
[White "Norri,J"]
[Black "Volodin,Alek"]
[Result "0-1"]
[WhiteElo "2330"]
[BlackElo "2429"]

1.Nf3 d5 2.c4 c6 3.d4 Nf6 4.Nc3 e6 5.Qb3 dxc4 6.Qxc4 b5 7.Qb3 Nbd7 8.Bg5 Be7
9.e3 a6 10.Rd1 Qa5 11.Ne5 Nxe5 12.dxe5 Nd5 13.Bxe7 Kxe7 14.Be2 Rd8 15.O-O Nxc3
16.bxc3 Bb7 17.Bf3 Rab8 18.Qc2 Qc7 19.Qe4 h6 20.Rxd8 Rxd8 21.c4 Rd7 22.c5 g5
23.Bh5 Kd8 24.f4 gxf4 25.exf4 Qa5 26.Qh7 Qc3 27.Qxh6 Qxc5+ 28.Kh1 Qc4 29.Rg1 c5
30.h4 Kc7 31.Qf6 Rd4 32.Qxf7+ Kb6  0-1

[Event "Reykjavik Open"]
[Site "Reykjavik ISL"]
[Date "2010.03.02"]
[Round "8"]
[White "Gardarsson,Ho"]
[Black "Johannsdottir,J"]
[Result "0-1"]
[WhiteElo "1888"]
[BlackElo "1705"]

1.d4 d5 2.Nf3 Nf6 3.c4 c6 4.Nc3 e6 5.Bf4 Nbd7 6.e3 Be7 7.Bd3 O-O 8.Qe2 dxc4
9.Bxc4 b5 10.Bd3 b4 11.Na4 Qa5 12.b3 c5 13.O-O Bb7 14.Rac1 Rac8 15.Bb1 c4
16.e4 Ba6 17.bxc4 Qxa4 18.e5 Nh5 19.Qe4 g6 20.Bh6 Ng7 21.d5 exd5 22.Qxd5 Nb6
23.Qe4 Rxc4 24.Rxc4 Bxc4 25.Re1 Bd5 26.Qg4 Be6 27.Qd4 Rd8 28.Qb2 Nc4 29.Qc1 Na3
30.Be4 Bxa2 31.h4 Bd5 32.Kh2 Bxe4 33.Rxe4 Qc2 34.Qf4 Ne6 35.Qg4 b3 36.Ng5 Nxg5
37.Bxg5 Bxg5 38.Qxg5 Re8 39.Rf4 b2 40.Qf6 Qc7 41.h5 Rxe5 42.hxg6 hxg6  0-1

[Event "TCh-ISL 2009-10"]
[Site "Rekjavik ISL"]
[Date "2010.03.06"]
[Round "7"]
[White "Johannesson,I"]
[Black "Traustason,I"]
[Result "1-0"]
[WhiteElo "2323"]
[BlackElo "1788"]

1.d4 d5 2.c4 c6 3.Nf3 Nf6 4.Nc3 e6 5.Qb3 Qb6 6.c5 Qc7 7.g3 b6 8.Bf4 Qb7 9.cxb6 axb6
10.Bg2 Nbd7 11.O-O Nh5 12.Bd2 Nhf6 13.e4 dxe4 14.Ng5 Nd5 15.Ngxe4 Be7 16.Rac1 N7f6
17.Ng5 O-O 18.Nf3 Bd7 19.Ne5 Rfc8 20.a3 Be8 21.Ne4 Rab8 22.Ng5 h6 23.Ne4 Rc7
24.Nd3 Qa7 25.Nxf6+ Bxf6 26.Bxd5 exd5 27.Bf4 Bxd4 28.Bxc7 Qxc7 29.Qxd5 Rd8
30.Qb3 Qd6 31.Nf4 Qf6 32.Rcd1 c5 33.Ne2 Bc6 34.Nxd4 cxd4 35.f3 Bb7 36.Qd3 b5
37.Rf2 Ba6 38.b4 Qb6 39.Rfd2 Bc8 40.Qc2 Qf6 41.Qc7 Bf5 42.Qc5 d3 43.Qxb5 Qd4+
44.Kg2 Rd5 45.Qb8+ Kh7 46.Qf4 Qf6 47.g4 g5 48.Qc7 Bg6 49.Re1 Rd6 50.Qc5 Qf4
51.Qe3 Qc4 52.Qc5 Qf4 53.Qe3 Qc4 54.Rb1 Re6 55.Qf2 Qc3 56.a4 Ra6 57.a5 Rd6
58.Rbb2 Re6 59.Qc5 Qa3 60.Ra2 Qb3 61.Rab2 Qa3 62.Ra2 Qb3 63.a6 Qb1 64.a7 Qe1
65.Qf2  1-0

[Event "Dos Hermanas Blitz Final"]
[Site "ICC INT"]
[Date "2010.03.19"]
[Round "1.2"]
[White "Gonzalez Zamora,J"]
[Black "Vasquez Schroeder,R"]
[Result "1/2-1/2"]
[WhiteElo "2552"]
[BlackElo "2506"]

1.d4 d5 2.Nf3 Nf6 3.c4 c6 4.Nc3 e6 5.Qb3 dxc4 6.Qxc4 b5 7.Qd3 Nbd7 8.e4 b4
9.Na4 Bb7 10.Bg5 Qa5 11.b3 c5 12.e5 Nd5 13.Bd2 Bc6 14.Nxc5 Nxc5 15.dxc5 Bxc5
16.Be2 Qb6 17.O-O h6 18.Rac1 Be7 19.Nd4 Bd7 20.Bf3 Qb7 21.Qe4 h5 22.Rfd1 g6
23.h4 Rc8 24.Rxc8+ Qxc8 25.Rc1 Qa6 26.Rc2 O-O 27.g3 Rc8 28.Rxc8+ Qxc8 29.Qd3 Nc3
30.a4 Qc5 31.Qe3 Nd5 32.Qd3 Be8 33.Bg5 Bxg5 34.hxg5 Nc3 35.Qe3 Nd5 36.Bxd5 Qxd5
37.f4 Bd7 38.Kf2 Bc8 39.Ke2 Ba6+ 40.Kd2 Qg2+ 41.Kc1 Qf1+ 42.Kc2 Qg2+ 43.Kc1 Qf1+
44.Kb2 Qg2+ 45.Nc2 Be2 46.Kc1 a5 47.Qd2 Qf1+ 48.Kb2 Bd3 49.Ne3 Qe2 50.Qxe2 Bxe2
51.Kc2 Kf8 52.Kd2 Ba6 53.Nc2 Ke8 54.Ke3 Kd7 55.Kd4 Kc6 56.Ne3 Be2 57.Nc4 Bxc4
58.Kxc4 Kb6 59.Kd4 Kc6 60.Kc4 Kb6 61.Kd4 Kc6 62.Kc4  1/2-1/2

[Event "ch-VIE"]
[Site "Ho Chi Minh City VIE"]
[Date "2010.03.29"]
[Round "6"]
[White "Ngo Quang Nhat"]
[Black "Le Thanh Tai"]
[Result "0-1"]
[WhiteElo "1784"]
[BlackElo "1809"]

1.d4 d5 2.c4 c6 3.Nf3 Nf6 4.Nc3 e6 5.Bf4 dxc4 6.e3 b5 7.a4 Bb4 8.Bxb8 Rxb8
9.axb5 cxb5 10.Rxa7 Bb7 11.Nd2 Qb6 12.Ra1 O-O 13.Rb1 Ra8 14.Qc2 Rfc8 15.f3 e5
16.Ne2 Nd5 17.Kf2 Nxe3 18.Kxe3 exd4+ 19.Nxd4 Rd8 20.Ke2 Qxd4 21.Ne4 Bxe4
22.fxe4 Bc5 23.Kf3 Qe3+ 24.Kg4 h5+ 25.Kf5 g6+ 26.Kf6 Qf4+  0-1

[Event "Easter Open"]
[Site "Medellin COL"]
[Date "2010.04.02"]
[Round "4"]
[White "Chavarria,A"]
[Black "Marin,D"]
[Result "0-1"]
[WhiteElo "2275"]
[BlackElo "1919"]

1.d4 d5 2.c4 c6 3.Nf3 Nf6 4.Nc3 e6 5.Bf4 dxc4 6.e3 b5 7.a4 Bb4 8.Be2 Bb7
9.O-O a6 10.Ne5 Nbd7 11.Bf3 Nxe5 12.Bxe5 Qb6 13.axb5 cxb5 14.Bxf6 gxf6 15.Bxb7 Qxb7
16.f4 Rg8 17.Qf3 Qxf3 18.Rxf3 Bxc3 19.bxc3 Ke7 20.Kf2 a5 21.e4 b4 22.Rb1 b3
23.Re3 a4 24.Re2 a3 25.d5 Rgb8 26.e5 a2 27.d6+ Kd7  0-1

[Event "TOP 16 GpA"]
[Site "Marseille FRA"]
[Date "2010.04.30"]
[Round "5"]
[White "Gozzoli,Y"]
[Black "Brunner,N"]
[Result "1-0"]
[WhiteElo "2515"]
[BlackElo "2420"]

1.d4 d5 2.Nf3 Nf6 3.c4 c6 4.Nc3 e6 5.Qb3 dxc4 6.Qxc4 b5 7.Qd3 Bb7 8.e4 b4
9.Na4 Qa5 10.b3 Nbd7 11.Be3 c5 12.Nxc5 Bxc5 13.dxc5 a6 14.Nd2 Nxc5 15.Qd4 Ncxe4
16.Nc4 e5 17.Qxe4  1-0

[Event "ch-Commonwealth"]
[Site "Delhi IND"]
[Date "2010.05.12"]
[Round "4"]
[White "Sachdev,T"]
[Black "Sriram,J"]
[Result "0-1"]
[WhiteElo "2398"]
[BlackElo "2507"]

1.d4 d5 2.c4 c6 3.Nf3 Nf6 4.Nc3 e6 5.Qb3 Nbd7 6.Bg5 Be7 7.e3 O-O 8.Bd3 a5
9.cxd5 exd5 10.Qc2 Re8 11.h3 Nf8 12.Bf4 Bd6 13.Bxd6 Qxd6 14.O-O-O b5 15.Kb1 Be6
16.Rc1 a4 17.Ne5 N6d7 18.Nxd7 Bxd7 19.g4 Ra5 20.Ne2 b4 21.Qd2 Ne6 22.Bf5 Ng5
23.Ng3 Nf3 24.Qd1 Nh4 25.Qd3 g6 26.Bxd7 Qxd7 27.Ka1 Rc8 28.e4 a3 29.b3 Kg7
30.e5 c5 31.Qe3 Qe7 32.Qf4 Re8 33.dxc5 Rxc5 34.Rxc5 Qxc5 35.Rc1 Qe7 36.Re1 Ng2
37.Qf6+ Kg8 38.Qxe7 Rxe7 39.Rd1 Rxe5 40.Kb1 Nf4 41.h4 Ne2 42.Nxe2 Rxe2  0-1

[Event "XV MIC"]
[Site "Split CRO"]
[Date "2010.05.15"]
[Round "9"]
[White "Drazic,S"]
[Black "Milosavljevic,J"]
[Result "1-0"]
[WhiteElo "2538"]
[BlackElo "2093"]

1.d4 e6 2.c4 d5 3.Nc3 Nf6 4.Nf3 c6 5.Qb3 Nbd7 6.g3 Be7 7.Bg2 O-O 8.O-O Re8
9.Rd1 a6 10.a4 Nb6 11.Nd2 a5 12.e4 dxc4 13.Nxc4 Nxc4 14.Qxc4 Qb6 15.h3 h6
16.Be3 Qa6 17.Qb3 Bb4 18.Na2 Bf8 19.Rac1 Bd7 20.Nc3 Rac8 21.g4 b5 22.Rd2 bxa4
23.Nxa4 Rb8 24.Qd1 Rec8 25.h4 Qb5 26.g5 hxg5 27.hxg5 Nh7 28.Nc5 Bxc5 29.dxc5 Be8
30.Bf1 Qb3 31.Rcc2 Rb4 32.Rd3 Qa4 33.Ra3  1-0

[Event "ch-CRO Playoff"]
[Site "Zagreb CRO"]
[Date "2010.05.29"]
[Round "2"]
[White "Jankovic,A"]
[Black "Saric,Iv"]
[Result "0-1"]
[WhiteElo "2559"]
[BlackElo "2580"]

1.d4 d5 2.c4 c6 3.Nc3 Nf6 4.Nf3 e6 5.Qb3 a6 6.cxd5 exd5 7.e4 Nxe4 8.Nxe4 Qe7
9.Ng5 Bf5 10.f3 dxe4 11.fxe4 Bxe4 12.Nxe4 Qxe4+ 13.Be2 Bd6 14.O-O O-O 15.Be3 Nd7
16.Rae1 b5 17.Bf3 Qg6 18.Rc1 Rac8 19.Qc2 Qe6 20.Rfe1 Nb6 21.Bf4 Qd7 22.Bxd6 Qxd6
23.Qc5 Qd8 24.Bxc6 Na4 25.Qb4 Qb6 26.b3 Nb2 27.Qd2 Rxc6 28.Rxc6 Qxc6 29.Qxb2 Rd8
30.Qd2 h6 31.h3 Qd5 32.Kh1 Kh7 33.Qd3+ g6 34.a4 Qxd4 35.Qf3 Qd5 36.Qxd5 Rxd5
37.Re7 Kg7 38.axb5 axb5 39.Rb7 h5 40.b4 h4 41.Kg1 Rf5 42.g4 hxg3 43.Kg2 Rg5
44.Rb6 Rd5 45.Kxg3 f6 46.Rb7+ Kh6 47.h4 f5 48.Kf3 Rd4 49.Rxb5 Rxh4 50.Rb8 Kg5
51.b5 Rb4 52.b6 Rb3+ 53.Ke2 Kf4 54.b7 g5 55.Kd2 g4 56.Kc2 Rb6 57.Kd2 Kg3  0-1

[Event "NAO"]
[Site "Stillwater USA"]
[Date "2010.05.31"]
[Round "10"]
[White "Mitchell,J"]
[Black "Wawrzaszek,J"]
[Result "0-1"]
[WhiteElo "2089"]
[BlackElo "2018"]

1.d4 d5 2.c4 e6 3.Nc3 c6 4.Nf3 Nf6 5.Bf4 dxc4 6.a4 Nbd7 7.e4 Bb4 8.Qc2 b5
9.Be2 Bb7 10.O-O a6 11.Rfd1 O-O 12.e5 Nd5 13.Bg5 f6 14.Ne4 fxg5 15.Nexg5 g6
16.Nxe6 Qe7 17.Nxf8 Rxf8 18.Nd2 Bxd2 19.Qxd2 c5 20.axb5 axb5 21.Ra7 Bc6 22.Bf3 cxd4
23.Bxd5+ Bxd5 24.Qxd4 Bc6 25.Rc7 Qe6 26.Rxc6 Qxc6 27.Qxd7 Qxd7 28.Rxd7 Ra8
29.Kf1 Ra2 30.e6 Kf8 31.Rxh7 Rxb2 32.Rc7 Rb3 33.Ke2 c3 34.Kd3 b4 35.Kc2 Rb2+
36.Kc1 Rxf2 37.Rc4 Rb2 38.Rg4 b3 39.Rxg6 Rf2  0-1

[Event "TCh-CHN"]
[Site "Shenzhan CHN"]
[Date "2010.06.07"]
[Round "4"]
[White "Dzagnidze,N"]
[Black "Zheng Ruorong"]
[Result "1-0"]
[WhiteElo "2479"]
[BlackElo "2094"]

1.d4 d5 2.c4 c6 3.Nf3 Nf6 4.Nc3 e6 5.Qb3 Nbd7 6.g3 Bd6 7.Bg2 O-O 8.O-O dxc4
9.Qxc4 Qe7 10.Rd1 e5 11.Be3 exd4 12.Bxd4 Re8 13.e4 Ng4 14.h3 Nge5 15.Nxe5 Nxe5
16.Qe2 Bc5 17.f4 Nd7 18.Kh2 Bxd4 19.Rxd4 Nf8 20.Rad1 f6 21.Qf2 Be6 22.Rd6 a5
23.b3 Red8 24.R6d2 Rxd2 25.Qxd2 Bf7 26.Bf1 Ne6 27.Bc4 Rd8 28.Qe3 Rxd1 29.Nxd1 Qc5
30.Kg2 Qxe3 31.Nxe3 b5 32.Bxe6 Bxe6 33.f5 Bd7 34.Kf3 Kf7 35.Kf4 g5+ 36.Kg4 c5
37.e5 Bc6 38.e6+ Kg7 39.h4 gxh4 40.gxh4 Be4 41.Kf4 Bb1 42.a4 bxa4 43.bxa4 Bd3
44.Nd5 Bc2 45.Nb6 Bd3 46.Nd5 Bc2 47.Nb6 Bd3 48.Nc8 c4 49.Nd6 Kf8 50.Ne4 Kg7
51.Ke3 Bc2 52.Nd6 Kf8 53.Kd4 Ke7 54.Nxc4 Bxf5 55.Nxa5 Kxe6 56.Nc4 Kd7 57.Ne3 Bg6
58.Nd5 f5 59.Kc5 Kc8 60.Kb6 h6 61.Ne7+  1-0

[Event "Politiken Cup"]
[Site "Copenhagen DEN"]
[Date "2010.08.01"]
[Round "2"]
[White "Petersen,To1"]
[Black "Kristinsson,Bj"]
[Result "1-0"]
[WhiteElo "2307"]
[BlackElo "2044"]

1.d4 d5 2.Nf3 Nf6 3.c4 c6 4.Qb3 e6 5.Nc3 Be7 6.g3 O-O 7.Bg2 Nbd7 8.O-O a6
9.a4 b6 10.Rd1 Bb7 11.a5 c5 12.cxd5 Nxd5 13.Na4 Qc7 14.axb6 N7xb6 15.Bf4 Nxf4
16.Qxb6 Qxb6 17.Nxb6 Nxe2+ 18.Kf1 Rab8 19.dxc5 Bxf3 20.Bxf3 Nd4 21.Rd3 Rfd8
22.b4 Nc2 23.Rxd8+ Bxd8 24.Rxa6 Nxb4 25.Ra7 g6 26.Nd7 Rc8 27.Ke2 Rc7 28.Nf6+ Kf8
29.Nxh7+ Kg7 30.Rxc7 Bxc7 31.Ng5 Na6 32.c6 Kf6 33.h4 Ke7 34.g4 Bf4 35.Ne4 f5
36.Nc3 Nc7 37.gxf5 gxf5 38.Kd3 e5 39.Kc4 e4 40.Bd1 Kd6 41.Ba4 e3 42.fxe3 Bxe3
43.h5 Bh6 44.Ne2 Ne6 45.Ng3 Ng7 46.Kb5 Kc7 47.Bd1 f4 48.Ne4 Nf5 49.Nf6 f3
50.Ne8+ Kc8 51.Bxf3 Nd4+ 52.Kb6 Nxc6 53.Kxc6 Kd8 54.Nd6 Bf4 55.Nf5 Ke8 56.Bd5 Kf8
57.Kd7 Be5 58.h6 Bc3 59.Be6 Bf6 60.Kc6 Bc3 61.Kd5 Bb2 62.Ke4 Bc3 63.Kf3 Bb2
64.Kg4 Bc3 65.Kh5 Bb2 66.Kg6 Bc3 67.Bb3 Bb2 68.Ng7 Be5 69.Nh5 Bc3 70.Nf6 Ke7
71.Nd5+  1-0

[Event "Politiken Cup"]
[Site "Copenhagen DEN"]
[Date "2010.08.02"]
[Round "4"]
[White "Molvig,Julius"]
[Black "Nielsen,Ro"]
[Result "0-1"]
[WhiteElo "1806"]
[BlackElo "2062"]

1.d4 d5 2.c4 e6 3.Nc3 Nf6 4.Nf3 c6 5.Bf4 Nbd7 6.e3 Be7 7.c5 b6 8.b4 Ne4 9.Nxe4 dxe4
10.Nd2 bxc5 11.bxc5 Qa5 12.Bc4 e5 13.dxe5 Nxc5 14.O-O Ba6 15.Bxa6 Qxa6 16.Qg4 g5
17.Bg3 h5 18.Qf5 Qc8 19.Qxc8+ Rxc8 20.h3 Rd8 21.Nc4 Rd5 22.Rab1 Kd7 23.Rfd1 h4
24.Bh2 Ke6 25.Rd4 Rhd8 26.Nd6 Bxd6 27.exd6 Rxd4 28.exd4 Nd7 29.Rb7 Rb8 30.Rxb8 Nxb8
31.Kf1 Kd5 32.Be5 Nd7 33.Ke2 f6 34.Bh2 Kxd4 35.Bg1 c5 36.f4+ Kd5 37.fxg5 fxg5
38.Be3 g4 39.hxg4 Kxd6 40.Bg5 Ne5 41.Bf4 Kd5 42.g5 Ng6 43.Be3 a6 44.Kd2 Ne7
45.Bf2 Nf5 46.g6 Ke6 47.Bxc5 Kf6 48.g7 Kxg7 49.Bf2 Kf6 50.Ke2 Kg5 51.Be3+ Nxe3
52.Kxe3 Kf5 53.Kf2 Kf4 54.a3 e3+ 55.Kg1 Ke4 56.a4 Kd3 57.Kf1 Kd2  0-1

[Event "49th WJun"]
[Site "Chotowa POL"]
[Date "2010.08.07"]
[Round "5"]
[White "Van Rensburg,R"]
[Black "Pierard,F"]
[Result "1-0"]
[WhiteElo "2079"]
[BlackElo "2081"]

1.d4 d5 2.c4 c6 3.Nf3 Nf6 4.Qb3 e6 5.Nc3 Nbd7 6.g3 Bd6 7.Bg2 O-O 8.O-O dxc4
9.Qxc4 h6 10.Rd1 Qe7 11.h3 e5 12.e4 exd4 13.Nxd4 Nb6 14.Qd3 Bc7 15.Be3 Bd7
16.f4 Be6 17.e5 Nfd5 18.Nxe6 fxe6 19.Bf2 Rad8 20.Qc2 Nxc3 21.Qxc3 Rxd1+ 22.Rxd1 Rd8
23.Rxd8+ Qxd8 24.Qc2 Qd7 25.Bf3 Nc8 26.Bg4 Kf7 27.Qh7 Ne7 28.Bh5+ Kf8 29.Qh8+ Ng8
30.Bc5+  1-0

[Event "9th Sparkassen Open"]
[Site "Forchheim GER"]
[Date "2010.10.02"]
[Round "3"]
[White "Guthmann,P"]
[Black "Werner,T2"]
[Result "1/2-1/2"]
[WhiteElo "2154"]
[BlackElo "2004"]

1.d4 d5 2.c4 c6 3.Nc3 Nf6 4.Nf3 e6 5.Qb3 Nbd7 6.g3 Qb6 7.Bg2 Qxb3 8.axb3 Bd6
9.Bf4 Bxf4 10.gxf4 O-O 11.Ne5 a6 12.O-O Rb8 13.Rfd1 Rd8 14.e3 Nf8 15.Kf1 Bd7
16.Bh3 Be8 17.f5 N6d7 18.Nd3 Nb6 19.Nf4 Bd7 20.c5 Nc8 21.fxe6 Nxe6 22.Nxe6 Bxe6
23.Bxe6 fxe6 24.Ke2 Ne7 25.Kd3 Rf8 26.f4 Rf6 27.Rg1 Rh6 28.Rg2 Rh3 29.Ne2 Nf5
30.Ng3 Rf8 31.Rag1 g6 32.Re2 Rf7 33.Nxf5 exf5 34.Kc3 Re7 35.Rg3 Rh4 36.Rf2 Rg4
37.Rxg4 fxg4 38.Kd3 Kg7 39.Rg2 h5 40.h3 gxh3 41.Rh2 g5 42.fxg5 Kg6 43.Rxh3 Kxg5
44.Rg3+ Kf5 45.Ke2 h4 46.Rf3+ Kg5 47.Kf2 Rh7 48.Kg2 h3+ 49.Kh2 Kg4 50.Rf4+  1/2-1/2

[Event "Lichtenrader Herbst"]
[Site "Berlin GER"]
[Date "2010.10.16"]
[Round "1"]
[White "Szuper,P"]
[Black "Prix,S"]
[Result "1-0"]
[WhiteElo "2196"]
[BlackElo "1776"]

1.d4 d5 2.c4 c6 3.Nf3 Nf6 4.Qb3 e6 5.Nc3 Be7 6.Bf4 O-O 7.e3 Nbd7 8.Bd3 dxc4
9.Qxc4 Nd5 10.Bg3 N7f6 11.Rd1 Nh5 12.Be5 f6 13.Bg3 Nxg3 14.hxg3 f5 15.e4 fxe4
16.Nxe4 h6 17.Bb1 Bd7 18.Ne5 Be8 19.Qd3 Qa5+ 20.Nc3 Nf6 21.g4 Rd8 22.g5 hxg5
23.Qh3 Bh5 24.Qxe6+ Bf7 25.Nxf7 Rxf7 26.Bg6 Rf8 27.Qh3  1-0

[Event "WY Boys-U12"]
[Site "Porto Carras GRE"]
[Date "2010.10.27"]
[Round "8.8"]
[White "Stremavicius,T"]
[Black "Ali Marandi,C"]
[Result "0-1"]
[WhiteElo "1943"]
[BlackElo "2180"]

1.d4 d5 2.Nf3 Nf6 3.c4 c6 4.Qb3 e6 5.Nc3 Be7 6.Bf4 O-O 7.e3 Nbd7 8.h3 b6
9.Be2 Bb7 10.O-O c5 11.Rfd1 cxd4 12.exd4 dxc4 13.Qxc4 Rc8 14.Qa4 a6 15.Bxa6 Ra8
16.Bxb7 Rxa4 17.Nxa4 b5 18.Nc3 b4 19.Na4 Qa5 20.b3 Qb5 21.Rac1 Qxb7 22.Rc7 Qb5
23.Be5 Nd5 24.Rc2 N7b6 25.Nxb6 Qxb6 26.Rdc1 Nc3 27.a3 Qa6 28.Kh1 Qxa3  0-1

[Event "Open ch-Skopje"]
[Site "Skopje MKD"]
[Date "2010.12.07"]
[Round "4"]
[White "Bogdanovski,V"]
[Black "Dimov,Dani"]
[Result "1-0"]
[WhiteElo "2418"]
[BlackElo "1996"]

1.d4 Nf6 2.Nf3 d5 3.c4 c6 4.Nc3 e6 5.Qb3 Bd6 6.Bg5 Nbd7 7.e3 a6 8.cxd5 exd5
9.Bd3 h6 10.Bh4 O-O 11.O-O Re8 12.Rae1 Nf8 13.e4 dxe4 14.Nxe4 Be6 15.Bxf6 gxf6
16.Bc4 Bxc4 17.Qxc4 Ne6 18.g3 Ng5 19.Nfxg5 fxg5 20.d5 cxd5 21.Qxd5 Bb4 22.Rd1 Qe7
23.f3 Rad8 24.Qf5 Kg7 25.g4 Qe6 26.Qxe6 fxe6 27.Kf2 Kf7 28.Ke2 Ke7 29.Rxd8 Rxd8
30.Rd1 Rxd1 31.Kxd1 b6 32.Ke2 Bd6 33.h3 Be5 34.b3 Kd7 35.Nd2 b5 36.Kd3 Kd6
37.b4 Kd5 38.Ne4 Bd6 39.Nxd6 Kxd6 40.Kd4 e5+ 41.Ke4 Ke6 42.a3 Kd6 43.Kf5 Kd5
44.Kg6 Kd4 45.Kxh6 Ke3 46.Kxg5 Kxf3 47.Kh5 e4 48.g5 e3 49.g6 e2 50.g7 e1=Q
51.g8=Q Qe5+ 52.Kh4 Qe7+ 53.Qg5 Qe1+ 54.Kh5 Qe8+ 55.Qg6 Qh8+ 56.Kg5 Kg3 57.Qd3+ Kh2
58.h4 Qg7+ 59.Qg6 Qe5+ 60.Qf5 Qg7+ 61.Kh5 Qh8+ 62.Kg4 Qg7+ 63.Qg5 Qd7+ 64.Kf4 Qd4+
65.Kf5 Qd5+ 66.Kf6 Qd6+ 67.Kf7 Qd7+ 68.Qe7 Qf5+ 69.Kg7 Qg4+ 70.Qg5 Qd7+ 71.Kf8 Qc8+
72.Kf7 Qd7+ 73.Qe7 Qf5+ 74.Kg7 Qg4+ 75.Kh6 Qf4+ 76.Kg6 Qg4+ 77.Qg5 Qe6+ 78.Qf6 Qe8+
79.Kh6 Qe3+ 80.Kh7 Qe4+ 81.Kg7 Qb7+ 82.Kh6 Kh3 83.h5 Qd7 84.Qf3+ Kh4 85.Kg6 Qe8+
86.Qf7 Qe4+ 87.Qf5 Qe8+ 88.Kf6 Qc6+ 89.Ke5 Qc3+ 90.Kd5 Qxa3 91.h6 Qb3+ 92.Kc6 Qc3+
93.Kb7 Qxb4 94.h7 Qe7+ 95.Kxa6 Qa3+ 96.Kb7 Qe7+ 97.Kc6 Qe8+ 98.Kd6 Qh8 99.Ke6 b4
100.Qf6+  1-0

[Event "Australian Open"]
[Site "Cammeray AUS"]
[Date "2011.01.03"]
[Round "2.11"]
[White "Brown,An"]
[Black "Van der Wal,F"]
[Result "1-0"]
[WhiteElo "2175"]
[BlackElo "1906"]

1.d4 d5 2.c4 c6 3.Nf3 Nf6 4.Nc3 e6 5.Bf4 a6 6.e3 Be7 7.a3 dxc4 8.Bxc4 b5
9.Bd3 Bb7 10.Qc2 Nbd7 11.Ne4 O-O 12.Nd6 Qb6 13.Ng5 g6 14.Nxb7 Qxb7 15.Ne4 Rac8
16.Nd6 Bxd6 17.Bxd6 Rfe8 18.f4 c5 19.dxc5 Qd5 20.b4 e5 21.Rd1 exf4 22.Bxf4 Qc6
23.O-O Ng4 24.Be2 Nxe3 25.Bxe3 Rxe3 26.Bf3 Qc7 27.Qd2 Re7 28.Qd6 Ne5 29.Qxa6 Nxf3+
30.Rxf3 Rce8 31.Qxb5 Qe5 32.Qc4 Qb2 33.Rdf1 Qg7 34.c6 Rc8 35.b5 Kh8 36.Rxf7 Rxf7
37.Qxf7 Qd4+ 38.Qf2 Qc4 39.a4 Ra8 40.Qb6 Qxa4 41.c7 Re8 42.Qf6+  1-0

[Event "B1 Masters"]
[Site "Marianske Lazne CZE"]
[Date "2011.01.20"]
[Round "7"]
[White "Volodin,V"]
[Black "Antipov,M2"]
[Result "1/2-1/2"]
[WhiteElo "2223"]
[BlackElo "2358"]

1.Nf3 Nf6 2.c4 c6 3.d4 d5 4.Nc3 e6 5.Qb3 dxc4 6.Qxc4 b5 7.Qb3 Nbd7 8.g3 b4
9.Na4 Qa5 10.Bd2 Ba6 11.Qc2 Be7 12.Bg2 O-O 13.a3 Qb5 14.Bxb4 Bxb4+ 15.axb4 Qxb4+
16.Nc3 Bb7 17.O-O c5 18.Ra4 Qb6 19.Rd1 Rab8 20.dxc5 Nxc5 21.Rad4 a5 22.Rd6 Qb3
23.Qxb3 Nxb3 24.Ne5 Bxg2 25.Kxg2 Nc5 26.Nc4 Rb4 27.Nxa5 Rxb2 28.R1d2 Rxd2
29.Rxd2 Nce4  1/2-1/2

[Event "Gibraltar Masters"]
[Site "Caleta ENG"]
[Date "2011.02.01"]
[Round "8.14"]
[White "Szuper,P"]
[Black "Erdos,V"]
[Result "0-1"]
[WhiteElo "2174"]
[BlackElo "2593"]

1.d4 Nf6 2.c4 c6 3.Nf3 d5 4.Qb3 e6 5.Nc3 dxc4 6.Qxc4 b5 7.Qb3 Nbd7 8.g3 b4
9.Nb1 c5 10.Bg2 Bb7 11.O-O Be7 12.Nbd2 Bd5 13.Qd3 O-O 14.e4 Bb7 15.e5 Nd5
16.Ne4 h6 17.Be3 c4 18.Qe2 Nxe3 19.Qxe3 Bd5 20.Rfc1 Rc8 21.Bf1 f5 22.exf6 Nxf6
23.Nxf6+ Bxf6 24.Ne5 Bxe5 25.dxe5 Qe7 26.f4 Rc5 27.a3 a5 28.axb4 axb4 29.Ra6 Qc7
30.Qd4 Rb8 31.b3 c3 32.Ra4 Ra5 33.Bd3 Rxa4 34.bxa4 Ba8 35.Re1 c2 36.Qd6 c1=Q
37.Rxc1 Qxc1+ 38.Kf2 Qd2+ 39.Kf1 Qc1+ 40.Ke2 Qc8  0-1

[Event "IV Open A"]
[Site "Gora Swietej Anny POL"]
[Date "2011.02.13"]
[Round "3.5"]
[White "Chojnacki,S"]
[Black "Pietroczuk,R"]
[Result "1-0"]
[WhiteElo "2249"]
[BlackElo "1981"]

1.d4 d5 2.Nf3 Nf6 3.c4 c6 4.Nc3 e6 5.Bf4 Bd6 6.Bg3 Bxg3 7.hxg3 Nbd7 8.e3 Qe7
9.Qb3 dxc4 10.Bxc4 b5 11.Bd3 a6 12.a4 Bb7 13.Ne4 h6 14.O-O O-O 15.Rfc1 Rfc8
16.Rc2 e5 17.dxe5 Nxe5 18.Nxe5 Qxe5 19.Nc5 Ra7 20.axb5 cxb5 21.Nxb7 Rxc2
22.Qxc2  1-0

[Event "3rd Batavia-Grolsch"]
[Site "Amsterdam NED"]
[Date "2011.02.18"]
[Round "1"]
[White "Ris,R"]
[Black "Van Delft,M"]
[Result "1/2-1/2"]
[WhiteElo "2418"]
[BlackElo "2387"]

1.d4 d5 2.c4 c6 3.Nf3 Nf6 4.Nc3 e6 5.Qb3 dxc4 6.Qxc4 b5 7.Qd3 Bb7 8.e4 b4
9.Na4 Nbd7 10.Be2 Be7 11.O-O O-O 12.Rd1 Qa5 13.b3 c5 14.e5 Ne4 15.Be3 cxd4
16.Bxd4 Ndc5 17.Nxc5 Bxc5 18.Qe3 Rfc8 19.Qf4 Bxd4 20.Rxd4 Nc3 21.Bd3 Bxf3
22.gxf3 Rd8 23.Bc4 Qa3 24.Kh1 Qb2 25.Rg1 g6 26.Bxe6 fxe6 27.Qf6 Rxd4 28.Qxe6+ Kh8
29.Qf6+ Kg8 30.Qe6+ Kh8 31.Qf6+ Kg8  1/2-1/2

[Event "Brunei IM2 2011"]
[Site "Bandar Seri Begawan BRU"]
[Date "2011.03.07"]
[Round "7"]
[White "Nguyen Van Huy"]
[Black "Yee Soon Wei"]
[Result "1-0"]
[WhiteElo "2459"]
[BlackElo "2285"]

1.Nf3 Nf6 2.c4 c6 3.Nc3 d5 4.d4 e6 5.Qb3 dxc4 6.Qxc4 b5 7.Qd3 Nbd7 8.e4 b4
9.Na4 Qa5 10.b3 Bb7 11.Bg5 c5 12.Bxf6 gxf6 13.d5 Nb6 14.Nxb6 Qxb6 15.Qb5+ Qxb5
16.Bxb5+ Ke7 17.O-O a6 18.Bc4 Bh6 19.Rfd1 Rhd8 20.Ne1 f5 21.dxe6 fxe6 22.exf5 exf5
23.Nd3 Bg7 24.Re1+ Kf8 25.Nxc5 Bc8 26.Rad1 Bd4 27.Rd3 Ra7 28.Red1 Rc7 29.Nxa6  1-0

[Event "49th TCh-DEN XtraCon 2010-11"]
[Site "Denmark DEN"]
[Date "2011.03.13"]
[Round "9.7"]
[White "Holst,Per"]
[Black "Borbjerggaard,L"]
[Result "0-1"]
[WhiteElo "2129"]
[BlackElo "2338"]

1.d4 d5 2.Nf3 Nf6 3.c4 e6 4.Nc3 c6 5.Qb3 Nbd7 6.g3 Bd6 7.Bg2 O-O 8.O-O dxc4
9.Qxc4 e5 10.e4 Qe7 11.b3 exd4 12.Nxd4 Ne5 13.Qe2 Bc5 14.Nf5 Bxf5 15.exf5 Rfe8
16.Na4 Bd4 17.Bb2 Bxb2 18.Nxb2 Qc5 19.Na4 Qb4 20.Qc2 Rad8 21.Rad1 h5 22.Nc5 Ned7
23.Nd3 Qa5 24.Nf4 Nc5 25.h4 Rxd1 26.Rxd1 Re1+ 27.Bf1 Nce4 28.Rxe1 Qxe1 29.Qe2 Qxe2
30.Bxe2 Nc3 31.a4 Nxe2+ 32.Nxe2 Kf8 33.f3 Ke7 34.Kf2 Kd6 35.Ke3 Ke5 36.Nd4 c5
37.Nb5 a6 38.f4+ Kd5 39.Nc3+ Kc6 40.Ne4 Nxe4 41.Kxe4 f6 42.a5 Kd6 43.Kd3 Kc7
44.Kc3 b5 45.axb6+ Kxb6 46.Kd3 Kb5  0-1

[Event "Schachbundesliga 2010-11"]
[Site "Munich GER"]
[Date "2011.03.19"]
[Round "12"]
[White "Grabarczyk,M"]
[Black "Prohaszka,P2"]
[Result "1/2-1/2"]
[WhiteElo "2475"]
[BlackElo "2529"]

1.d4 Nf6 2.c4 e6 3.Nf3 d5 4.Nc3 c6 5.Qb3 dxc4 6.Qxc4 b5 7.Qd3 a6 8.Ne4 Nxe4
9.Qxe4 Bb7 10.e3 Nd7 11.Be2 Qb6 12.O-O c5 13.dxc5 Bxc5 14.Qg4 O-O 15.b4 Be7
16.Bb2 Nf6 17.Qg3 Qd6 18.Qxd6 Bxd6 19.a4 bxa4 20.Bxf6 gxf6 21.Rxa4 Bc6 22.Rxa6 Rxa6
23.Bxa6  1/2-1/2

[Event "ch-VIE Women"]
[Site "Da Lat VIE"]
[Date "2011.03.23"]
[Round "5.1"]
[White "Hoang Thi Bao Tram"]
[Black "Nguyen Thi Mai Hung"]
[Result "1-0"]
[WhiteElo "2311"]
[BlackElo "2320"]

1.d4 d5 2.c4 c6 3.Nf3 Nf6 4.Nc3 e6 5.Qb3 Be7 6.Bf4 O-O 7.e3 Nbd7 8.cxd5 exd5
9.Bd3 Nh5 10.Bg3 h6 11.O-O Nxg3 12.hxg3 Nf6 13.Qc2 Bd6 14.Rab1 Qe7 15.Bf5 Re8
16.Rfe1 Ne4 17.Bxc8 Raxc8 18.Nxe4 dxe4 19.Nd2 h5 20.Nc4 Bb8 21.Qe2 h4 22.gxh4 Qxh4
23.g3 Qh3 24.Qf1 Qf5 25.Qe2 Qh3 26.Qf1 Qf5 27.Qe2 Re6 28.Kg2 c5 29.d5 Qxd5
30.Rh1 Rg6 31.Rh4 Rd8 32.Rbh1 Kf8 33.Rh8+ Ke7 34.Rxd8 Qxd8 35.Qh5 Qc7 36.Qh4+ Kd7
37.Rd1+ Ke8 38.Rd5 Rh6 39.Qxe4+ Re6 40.Qh7 b5 41.Nd2 g6 42.Qh8+ Ke7 43.Qh4+ Ke8
44.Ne4 g5 45.Rxg5 Qb7 46.f3 Bd6 47.Rg8+ Kd7 48.Rd8+ Kc7 49.Nxd6 Qa6 50.Rc8+ Kxd6
51.Qd8+  1-0

[Event "Telin International Open"]
[Site "Jakarta INA"]
[Date "2011.04.04"]
[Round "5.1"]
[White "Barus,C"]
[Black "Zhang Zhong"]
[Result "1-0"]
[WhiteElo "2443"]
[BlackElo "2592"]

1.d4 e6 2.c4 d5 3.Nf3 Nf6 4.Nc3 c6 5.Qb3 dxc4 6.Qxc4 b5 7.Qb3 Nbd7 8.Bg5 Be7
9.e3 a6 10.Qc2 Bb7 11.a4 b4 12.Bxf6 gxf6 13.Ne4 c5 14.Nxc5 Nxc5 15.dxc5 Rc8
16.Bc4 Rxc5 17.Qe2 Qa8 18.Nd4 Rg8 19.Rg1 Qc8 20.b3 h5 21.g3 h4 22.Qd3 f5
23.Rd1 Kf8 24.Ne2 Be4 25.Qd4 h3 26.f4 Qb7 27.Qb2 Bg2 28.Nc1 Qf3 29.Rd3 a5
30.Ne2 Qc6 31.Kf2 Qf3+ 32.Ke1 Qe4 33.Kd2 Rc7 34.Rd1 Bf3 35.Rf1 Bh5 36.Rf2 Bg4
37.Qa1 Rc8 38.Qb2 Rc7 39.Qa1 Qa8 40.Ng1 Qc8 41.Nf3 Bh5 42.Qd4 Bc5 43.Qf6 Rd7
44.Qh6+ Ke7 45.Qxh5 Qc6 46.Qh4+ Kf8 47.Nd4 Bxd4 48.exd4 Qg2 49.Re2 Qf1 50.d5 Qa1
51.d6 e5 52.Qh6+ Rg7 53.Rxe5 Qb2+ 54.Ke3 Qc1+ 55.Kf2  1-0